000 00648nam a2200193 4500
999 _c163320
_d163320
005 20190410114539.0
010 _aENG-125034
020 _a9788184841060
_c480.00
035 _aEN-108566
037 _bDBAD/PUB
082 _a320.840
100 _aSuresh,V
245 _aNew panchayatraj system:
_bissues and performance/
_cby V.Suresh [and] B.Krishnamurthy
260 _aNew Delhi
_bRegal Publications
_c2011
270 _aF-159,Rajouri Garden,
_bNew Delhi
_e110027
_k011-45546396
_mregalbookspub@yahoo.com
300 _axvi;117p.
_c23cms(Hbk)
500 _aIt includes bibliography and index
942 _2ddc
_cEN
_h320.840
_mSUR